|
|
|
|
| LEADER |
00000nab a2200000 a 4500 |
| 001 |
vtls000648814 |
| 003 |
SK-MaSNL |
| 005 |
20260303204350.0 |
| 008 |
140301c1998 xo 0 slo |
| 015 |
|
|
|a SNBRA1998/01-01567
|
| 035 |
|
|
|a CLN000001009
|
| 040 |
|
|
|a SNKBUCL
|b slo
|c SNKBUCL
|e AACR2
|
| 041 |
0 |
|
|a slo
|
| 044 |
|
|
|a xo
|c SK
|
| 080 |
|
|
|a 792.8
|2 1997
|
| 080 |
|
|
|a 793.32
|2 1997
|
| 100 |
1 |
|
|a Brathová, Barbara,
|d 1967-
|4 aut
|9 103993
|
| 245 |
1 |
0 |
|a Bralen v Búrke búrka v Bralene
|c Barbara Brathová
|
| 300 |
|
|
|b Fotogr.
|
| 500 |
|
|
|a Choreografia baletu Kristina Pereraová, Bruce Taylor, Libor Vaculík
|
| 610 |
|
7 |
|a Tanečné divadlo Bralen
|2 snkbucl
|9 216414
|
| 630 |
0 |
7 |
|a Búrka (tanečný projekt)
|x recenzie
|2 snkbucl
|9 1237995
|
| 655 |
|
7 |
|a články z novín a časopisov
|2 snkbucl
|2 snkbucl
|9 267496
|
| 773 |
0 |
|
|t Teatro
|g Roč. 4, č. 1 (1998), s. 17
|x 1335-146X
|
| 850 |
|
|
|a Slovenská národná knižnica v Martine
|
| 852 |
|
|
|a SNK
|b KIS3GCP
|
| 992 |
|
|
|a RBX
|
| 999 |
|
|
|c 2189691
|d 2191621
|